Computer Organization and Design: (Record no. 590024)
[ view plain ]
| 000 -LEADER | |
|---|---|
| fixed length control field | 00468nam a22001577a 4500 |
| 020 ## - INTERNATIONAL STANDARD BOOK NUMBER | |
| International Standard Book Number | 9780124077263 |
| 040 ## - CATALOGING SOURCE | |
| Transcribing agency | NUST |
| 082 ## - DEWEY DECIMAL CLASSIFICATION NUMBER | |
| Classification number | 004.22 PAT |
| 100 ## - MAIN ENTRY--PERSONAL NAME | |
| Personal name | Patterson, David A. |
| 110 ## - MAIN ENTRY--CORPORATE NAME | |
| Corporate name or jurisdiction name as entry element | Hennessy, John L. |
| 9 (RLIN) | 83772 |
| 245 ## - TITLE STATEMENT | |
| Title | Computer Organization and Design: |
| Remainder of title | The Hardware/Software Interface |
| 250 ## - EDITION STATEMENT | |
| Edition statement | 5th Edition |
| 260 ## - PUBLICATION, DISTRIBUTION, ETC. | |
| Place of publication, distribution, etc. | United States of America: |
| Name of publisher, distributor, etc. | Morgan Kaufmann, |
| Date of publication, distribution, etc. | 2014. |
| 650 ## - SUBJECT ADDED ENTRY--TOPICAL TERM | |
| Topical term or geographic name entry element | Computer Organization and Design |
| 9 (RLIN) | 711 |
| 942 ## - ADDED ENTRY ELEMENTS (KOHA) | |
| Source of classification or shelving scheme | |
| Koha item type | Book |
| Withdrawn status | Lost status | Source of classification or shelving scheme | Damaged status | Not for loan | Permanent Location | Current Location | Shelving location | Date acquired | Total Checkouts | Full call number | Barcode | Checked out | Date last seen | Date last checked out | Price effective from | Koha item type |
|---|---|---|---|---|---|---|---|---|---|---|---|---|---|---|---|---|
| College of Electrical & Mechanical Engineering (CEME) | College of Electrical & Mechanical Engineering (CEME) | General Stacks | 05/27/2022 | 1 | 004.22 PAT | CEME-47712 | 01/21/2023 | 12/22/2022 | 12/22/2022 | 05/27/2022 | Book | |||||
| College of Electrical & Mechanical Engineering (CEME) | College of Electrical & Mechanical Engineering (CEME) | General Stacks | 05/27/2022 | 1 | 004.22 PAT | CEME-47711 | 11/29/2025 | 10/30/2025 | 10/30/2025 | 05/27/2022 | Book |
